Skróty rytmów serca - Statystyki

Ogólne statystyki
  • Ten quiz został rozwiązany 7 razy
  • Średni wynik to 4 z 7
Statystyki odpowiedzi
Nazwa Rytmu Skrót % Poprawnych
Migotanie komór VF
83%
Pulseless Electrical Activity PEA
67%
Częstoskurcz komorowy VT
67%
Migotanie przedsionków AF
50%
Częstoskurcz nadkomorowy sVT
50%
częstoskurcz komorowy bez tętna pVT
33%
Trzepotanie przedsionków AFI
17%
Nie znaleziono quizów pasujących do podanych kryteriów
Rozkład punktacji
Procent ludzi z każdym wynikiem
Percentyl według liczby udzielonych odpowiedzi
Twoja historia wyników
Nie rozwiązałeś tego quizu